Score 0/20 Timer 02:00
0 Plays Today
Clue 4-Letter Word % Correct
Your guess is as ___ as mineGOOD
99.2%
___ for thoughtFOOD
96.3%
Low man on the totem ___POLE
94.2%
Old wives' ___TALE
93.8%
No good ___ goes unpunishedDEED
92.6%
It's a done ___DEAL
92.6%
Wouldn't be caught ___DEAD
92.1%
___ as a ghostPALE
91.6%
Make a mountain out of a ___hillMOLE
91.4%
A snowball's chance in ___HELL
91.1%
Clue 4-Letter Word % Correct
Able to leap ___ buildingsTALL
90.4%
___ over backwardsBEND
90.1%
Bury your head in the ___SAND
89.9%
One-man ___BAND
86.7%
Physician, ___ thyselfHEAL
86.7%
___ it to the MarinesTELL
85.2%
___ under pressureFOLD
78%
___ the minds of our youthMOLD
77.1%
___ on a wild-goose chaseSEND
71%
___ moneySEED
68.2%

Today's Daily Dose

Missing Word
Boxers

Quick Pick
Rise or Fall?

Get the Picture
A ‘B’ in Disney

You're not logged in!

Compare scores with friends on all Sporcle quizzes.
OR
Log In

Sporcle TV

Today on Sporcle TV


Watch our educational content, quiz creation guides, and fun videos on Sporcle TV.

Show Comments

Extras

Top Quizzes Today


Score Distribution

Paid Content

Your Account Isn't Verified!

In order to create a playlist on Sporcle, you need to verify the email address you used during registration. Go to your Sporcle Settings to finish the process.

Report this User

Report this user for behavior that violates our Community Guidelines.

Details: